| 000 | 00636nam a2200193 a 4500 | ||
|---|---|---|---|
| 001 | 000041536 | ||
| 005 | 20201002035628.0 | ||
| 008 | 131009s2013 dr 000 0 spa d | ||
| 020 | _a9789945447996 | ||
| 040 |
_aDO-SdBNP _bspa _cBNPHU |
||
| 082 |
_assss _bssss |
||
| 100 | 1 |
_aReyes, Sergio _929497 |
|
| 245 | 1 | 3 |
_aUn memorable discurso : _b(y otros escritos sobre Capotillo) / _cSergio Reyes. |
| 260 |
_aSanto Domingo, : _bEDIFRON, _c2013. |
||
| 300 |
_a104 p. ; _c21 cm. |
||
| 500 | _aIncluye datos biografícos del autor en la solapa de la portada. | ||
| 504 | _aBibliografía p: 101-103 | ||
| 710 | 2 |
_aEdiciones de la Frontera _968267 |
|
| 999 |
_c41026 _d41026 |
||